LEADER 00932nam0-22003011i-450- 001 990002538990403321 035 $a000253899 035 $aFED01000253899 035 $a(Aleph)000253899FED01 035 $a000253899 100 $a20000920d1957----km-y0itay50------ba 101 0 $aENG 200 1 $aCalcolo delle Probabilita'$eFondamenti della Teoria, Applicazioni della Statistica alla Teoria degli errori, alla Balistica ed alla Fisica$fGuido Castelnuovo. 205 $a3.ed. 210 $aBologna$cZanichelli$d1957. 215 $aXXI, 321 p.$d24 cm 300 $aVol. I 610 0 $aProbabilità, Probabilità$ateoria generale 676 $a519 700 1$aCastelnuovo,$bGuido$f<1865-1952>$0324513 801 0$aIT$bUNINA$gRICA$2UNIMARC 901 $aBK 912 $a990002538990403321 952 $aMI-A-97$b010187$fMAS 959 $aMAS 996 $aCalcolo delle probabilità$947588 997 $aUNINA DB $aING01